000 00655nam a2200181Ia 4500
008 100920s9999 xx 000 0 und d
082 _b61112
_a61 थ 84
100 _aदप्तरदार रवींद्र.
245 _aसाखरपेरणी.
260 _bग्रंथाली, अभिनव वाचक-चळवळ नेहरूनगर मुंबई 24.
_c1984
300 _a235
_bसाधी
365 _b40
520 _aस्थानिक वाचन.
630 _aसाखरपेरणी.
650 _aस्थानिक वाचन.
730 _aसाखरपेरणी.
942 _cBOOK
999 _c704349
_d704346